Statystyki dla Rozpoznaj Konsolę do Gier po Kontrolerze

Kliknij tutaj aby rozwiązać quiz!

Ogólne statystyki

  • Ten quiz został rozwiązany 250 razy
  • Średni wynik to 11 z 24

Statystyki odpowiedzi

Odpowiedź% Poprawnych
PlayStation
96%
Xbox 360
88%
PlayStation 4
86%
Xbox One
82%
PlayStation 3
79%
PlayStation 2
78%
Xbox
78%
Nintendo Switch
70%
GameCube
54%
Wii
53%
WiiU
46%
MegaDrive
34%
Dreamcast
33%
Virtualboy
33%
Nintendo Entertainment System
32%
Super Nintendo Entertainment System
30%
Nintendo 64
29%
Atari 2600
18%
Atari 5200
13%
Jaguar
9%
Atari 7800
7%
Master System
7%
Colecovision
5%
Intellivision
5%

Rozkład punktacji

Percentyl według liczby udzielonych odpowiedzi

Procent ludzi z każdym wynikiem

Twoja historia wyników

Nie rozwiązałeś tego quizu